Polish football champions - Statistics

General Stats
  • This quiz has been taken 157 times
  • The average score is 11 of 17
Answer Stats
# Team % Correct
12 Legła Warszawa
100%
7 Lech Poznań
97%
13 Wisła Kraków
94%
14 Górnik Zabrze
80%
2 Śląsk Wrocław
78%
14 Ruch Chorzów
73%
5 Cracovia
71%
4 Widzew Łódź
70%
2 ŁKS Łódź
64%
2 Zagłębie Lubin
64%
2 Polonia Warszawa
59%
2 Polonia Bytom
42%
4 Pogoń Lwów
41%
2 Warta Poznań
38%
2 Stal Mielec
37%
1 Szombierki Bytom
27%
1 Garbarnia Kraków
20%
No matching quizzes found
Score Distribution
Percent of People with Each Score
Percentile by Number Answered
Your Score History
You have not taken this quiz